[Event "PMPJ 2022 - C15"]
[Site "Jastrzebia Gora"]
[Date "2022.11.12"]
[Round "4.16"]
[White "Przedlacki, Wiktor"]
[Black "Klisowski, Bartosz"]
[Result "0-1"]
[BlackElo "1634"]
[WhiteElo "1474"]
[LiveChessVersion "1.4.4"]

1. e4 {[%clk 1:30:58]} c5 {[%clk 1:30:01]} 2. Nf3 {[%clk 1:31:08]} Nc6
{[%clk 1:30:23]} 3. d4 {[%clk 1:30:54]} cxd4 {[%clk 1:30:51]} 4. Nxd4
{[%clk 1:31:21]} Nf6 {[%clk 1:31:11]} 5. Nc3 {[%clk 1:31:39]} d6 {[%clk 1:31:39]}
6. Be2 {[%clk 1:26:26]} g6 {[%clk 1:20:20]} 7. Be3 {[%clk 1:26:05]} Bg7
{[%clk 1:12:16]} 8. Nb3 {[%clk 1:19:01]} Ne5 {[%clk 1:05:55]} 9. f3
{[%clk 1:15:35]} Be6 {[%clk 1:03:19]} 10. Qd2 {[%clk 1:13:36]} Rc8
{[%clk 0:53:41]} 11. g4 {[%clk 1:06:03]} Bc4 {[%clk 0:52:04]} 12. Bd4
{[%clk 0:59:23]} Bxe2 {[%clk 0:46:20]} 13. Qxe2 {[%clk 0:57:19]} Nc4
{[%clk 0:43:51]} 14. O-O-O {[%clk 0:54:41]} O-O {[%clk 0:39:21]} 15. h4
{[%clk 0:51:14]} Qc7 {[%clk 0:37:10]} 16. g5 {[%clk 0:40:29]} Nh5
{[%clk 0:34:45]} 17. Bxg7 {[%clk 0:39:15]} Kxg7 {[%clk 0:34:43]} 18. Nd5
{[%clk 0:36:12]} Qd8 {[%clk 0:34:57]} 19. Qh2 {[%clk 0:33:06]} e6
{[%clk 0:29:56]} 20. Nf4 {[%clk 0:31:03]} Nxf4 {[%clk 0:30:15]} 21. Qxf4
{[%clk 0:31:25]} Qb6 {[%clk 0:30:44]} 22. Qf6+ {[%clk 0:29:22]} Kg8
{[%clk 0:31:05]} 23. h5 {[%clk 0:27:40]} Qd8 {[%clk 0:28:27]} 24. Qf4
{[%clk 0:23:44]} Qe7 {[%clk 0:26:06]} 25. Qh4 {[%clk 0:21:15]} e5
{[%clk 0:24:02]} 26. f4 {[%clk 0:14:05]} exf4 {[%clk 0:22:52]} 27. Nd4
{[%clk 0:12:25]} Rc7 {[%clk 0:21:51]} 28. Qxf4 {[%clk 0:08:44]} Qe5
{[%clk 0:21:43]} 29. Qf2 {[%clk 0:07:22]} Rc5 {[%clk 0:20:09]} 30. Rhf1
{[%clk 0:05:03]} Rcc8 {[%clk 0:16:26]} 31. Qh4 {[%clk 0:04:31]} Ne3
{[%clk 0:14:25]} 32. Rh1 {[%clk 0:04:20]} Rc7 {[%clk 0:13:30]} 33. Rd2
{[%clk 0:04:02]} Rfc8 {[%clk 0:09:44]} 34. Qf2 {[%clk 0:03:37]} Nc4
{[%clk 0:08:31]} 35. Rdd1 {[%clk 0:03:43]} Qxe4 {[%clk 0:07:19]} 36. Rde1
{[%clk 0:03:39]} Qd5 {[%clk 0:06:56]} 37. hxg6 {[%clk 0:03:56]} fxg6
{[%clk 0:07:20]} 38. Ne6 {[%clk 0:03:59]} Rf7 {[%clk 0:07:48]} 39. Qxf7+
{[%clk 0:02:11]} Kxf7 {[%clk 0:08:09]} 40. Rxh7+ {[%clk 0:02:39]} Kg8
{[%clk 0:07:07]} 41. Reh1 {[%clk 0:02:52]} Qe5 {[%clk 0:05:30]} 42. c3
{[%clk 0:00:47]} Re8 {[%clk 0:04:51]} 43. Rg7+ {[%clk 0:00:52]} Qxg7
{[%clk 0:05:05]} 44. Nxg7 {[%clk 0:01:20]} Kxg7 {[%clk 0:05:29]} 45. b3
{[%clk 0:01:02]} Ne5 {[%clk 0:05:36]} 46. Rd1 {[%clk 0:01:22]} Re6
{[%clk 0:06:01]} 47. Rd4 {[%clk 0:01:31]} Nf3 {[%clk 0:06:10]} 48. Rc4
{[%clk 0:01:46]} Re7 {[%clk 0:06:16]} 49. Rf4 {[%clk 0:02:04]} Nxg5
{[%clk 0:06:34]} 50. Rd4 {[%clk 0:02:12]} Ne4 {[%clk 0:06:47]} 51. Kc2
{[%clk 0:02:34]} Kf6 {[%clk 0:07:02]} 52. Kd3 {[%clk 0:03:00]} Kf5
{[%clk 0:07:17]} 53. b4 {[%clk 0:03:05]} g5 {[%clk 0:07:26]} 54. c4
{[%clk 0:03:17]} g4 {[%clk 0:07:33]} 0-1

[Event "PMPJ 2022 - C15"]
[Site "Jastrzebia Gora"]
[Date "2022.11.12"]
[Round "4.17"]
[White "Trochimczuk, Szymon"]
[Black "Pieczulis, Hubert"]
[Result "1-0"]
[BlackElo "1412"]
[WhiteElo "1630"]
[LiveChessVersion "1.4.4"]

1. d4 {[%clk 1:30:59]} f5 {[%clk 1:30:37]} 2. c4 {[%clk 1:31:19]} Nf6
{[%clk 1:30:34]} 3. e3 {[%clk 1:31:42]} g6 {[%clk 1:30:47]} 4. b4
{[%clk 1:32:04]} Bg7 {[%clk 1:31:09]} 5. Nf3 {[%clk 1:31:43]} d6 {[%clk 1:31:05]}
6. Bb2 {[%clk 1:31:44]} O-O {[%clk 1:30:36]} 7. Be2 {[%clk 1:32:05]} c6
{[%clk 1:26:47]} 8. O-O {[%clk 1:31:47]} Qe8 {[%clk 1:25:23]} 9. Qb3
{[%clk 1:30:42]} Kh8 {[%clk 1:18:25]} 10. a4 {[%clk 1:25:04]} Nbd7
{[%clk 1:17:30]} 11. Nc3 {[%clk 1:22:58]} e5 {[%clk 1:15:34]} 12. dxe5
{[%clk 1:23:24]} dxe5 {[%clk 1:15:56]} 13. c5 {[%clk 1:21:26]} e4
{[%clk 1:09:13]} 14. Nd4 {[%clk 1:21:07]} Ne5 {[%clk 1:09:08]} 15. b5
{[%clk 1:11:23]} Qe7 {[%clk 1:06:22]} 16. a5 {[%clk 1:09:09]} Bd7
{[%clk 0:58:16]} 17. a6 {[%clk 1:05:28]} Rab8 {[%clk 0:54:59]} 18. b6
{[%clk 0:53:11]} bxa6 {[%clk 0:50:19]} 19. Rxa6 {[%clk 0:45:47]} axb6
{[%clk 0:46:53]} 20. Rxb6 {[%clk 0:45:13]} Qd8 {[%clk 0:44:22]} 21. Ba3
{[%clk 0:43:03]} Nd3 {[%clk 0:38:53]} 22. Bxd3 {[%clk 0:36:15]} exd3
{[%clk 0:39:16]} 23. Qc4 {[%clk 0:29:14]} Ra8 {[%clk 0:37:08]} 24. Bb4
{[%clk 0:28:23]} Ne4 {[%clk 0:35:55]} 25. Qxd3 {[%clk 0:25:05]} Nxc3
{[%clk 0:34:45]} 26. Bxc3 {[%clk 0:24:48]} Qc7 {[%clk 0:34:15]} 27. Nf3
{[%clk 0:24:42]} Be6 {[%clk 0:34:04]} 28. Rfb1 {[%clk 0:21:50]} Ra7
{[%clk 0:33:08]} 29. Bxg7+ {[%clk 0:18:38]} Kxg7 {[%clk 0:33:22]} 30. h4
{[%clk 0:18:15]} Bd5 {[%clk 0:32:46]} 31. Qc3+ {[%clk 0:18:06]} Kg8
{[%clk 0:32:44]} 32. Ng5 {[%clk 0:17:16]} Qe7 {[%clk 0:31:24]} 33. Rb8
{[%clk 0:15:56]} h6 {[%clk 0:27:51]} 34. Nh3 {[%clk 0:12:06]} Rd7
{[%clk 0:22:21]} 35. Rxf8+ {[%clk 0:10:49]} Qxf8 {[%clk 0:22:39]} 36. Rd1
{[%clk 0:09:11]} Qf7 37. Nf4 {[%clk 0:08:36]} g5 {[%clk 0:20:32]} 38. hxg5
{[%clk 0:08:05]} hxg5 {[%clk 0:20:55]} 39. Nxd5 {[%clk 0:08:13]} Rxd5
{[%clk 0:21:17]} 40. Rxd5 {[%clk 0:07:28]} Qxd5 {[%clk 0:21:41]} 41. Qd4
{[%clk 0:06:48]} Qxd4 {[%clk 0:18:49]} 42. exd4 {[%clk 0:07:13]} Kf7
{[%clk 0:19:13]} 43. Kf1 {[%clk 0:07:37]} Ke6 {[%clk 0:19:39]} 44. Ke2
{[%clk 0:07:59]} Kd5 {[%clk 0:20:01]} 45. Kd3 {[%clk 0:08:15]} g4
{[%clk 0:20:12]} 46. g3 {[%clk 0:07:42]} Ke6 {[%clk 0:20:29]} 47. Kc4
{[%clk 0:08:06]} f4 {[%clk 0:19:51]} 48. d5+ {[%clk 0:06:40]} cxd5+
{[%clk 0:20:11]} 49. Kd4 {[%clk 0:07:04]} fxg3 {[%clk 0:20:30]} 50. fxg3
{[%clk 0:07:28]} Kd7 {[%clk 0:20:47]} 51. Kxd5 {[%clk 0:07:52]} Kc7
{[%clk 0:21:14]} 52. Ke5 {[%clk 0:07:41]} Kc6 {[%clk 0:21:38]} 53. Kf5
{[%clk 0:08:03]} Kxc5 {[%clk 0:22:03]} 54. Kxg4 {[%clk 0:08:27]} Kd6
{[%clk 0:22:25]} 55. Kf5 {[%clk 0:08:31]} Ke7 {[%clk 0:21:41]} 56. Kg6
{[%clk 0:08:49]} Kf8 {[%clk 0:22:06]} 57. g4 {[%clk 0:08:26]} Kg8
{[%clk 0:22:26]} 58. g5 {[%clk 0:08:10]} 1-0

[Event "PMPJ 2022 - C15"]
[Site "Jastrzebia Gora"]
[Date "2022.11.12"]
[Round "4.18"]
[White "Spytek, Hubert"]
[Black "Zawadzki, Bartosz"]
[Result "1-0"]
[BlackElo "1624"]
[WhiteElo "1416"]
[LiveChessVersion "1.4.4"]

1. d4 {[%clk 1:30:58]} d5 {[%clk 1:30:55]} 2. Nf3 {[%clk 1:31:23]} Nf6
{[%clk 1:31:20]} 3. c4 {[%clk 1:31:44]} e6 {[%clk 1:31:36]} 4. g3
{[%clk 1:32:04]} c6 {[%clk 1:31:55]} 5. Nbd2 {[%clk 1:32:25]} Bd6
{[%clk 1:31:22]} 6. Bg2 {[%clk 1:32:46]} Nbd7 {[%clk 1:31:28]} 7. b3
{[%clk 1:31:19]} O-O {[%clk 1:31:39]} 8. O-O {[%clk 1:31:38]} b6 {[%clk 1:30:34]}
9. Qc2 {[%clk 1:30:35]} Bb7 {[%clk 1:30:37]} 10. Bb2 {[%clk 1:29:54]} c5
{[%clk 1:30:41]} 11. dxc5 {[%clk 1:27:47]} bxc5 {[%clk 1:31:03]} 12. Rfe1
{[%clk 1:21:30]} Re8 {[%clk 1:30:18]} 13. e4 {[%clk 1:19:47]} Nxe4
{[%clk 1:29:05]} 14. cxd5 {[%clk 1:03:03]} Nxd2 {[%clk 1:23:32]} 15. Nxd2
{[%clk 1:02:39]} exd5 {[%clk 1:23:18]} 16. Rxe8+ {[%clk 1:02:33]} Qxe8
{[%clk 1:23:41]} 17. Nc4 {[%clk 1:01:55]} Bc7 {[%clk 1:19:54]} 18. Rd1
{[%clk 0:58:38]} Qe6 {[%clk 1:01:22]} 19. Ne3 {[%clk 0:52:32]} Rc8
{[%clk 0:38:07]} 20. Nxd5 {[%clk 0:49:41]} Bxd5 {[%clk 0:37:26]} 21. Bxd5
{[%clk 0:49:12]} Qe7 {[%clk 0:36:36]} 22. Be4 {[%clk 0:46:18]} g6
{[%clk 0:34:37]} 23. Qc3 {[%clk 0:20:56]} Be5 {[%clk 0:34:40]} 24. Rxd7
{[%clk 0:19:06]} Qxd7 {[%clk 0:32:45]} 25. Qxe5 {[%clk 0:19:12]} Kf8
{[%clk 0:32:57]} 26. Qg7+ {[%clk 0:17:20]} Ke7 {[%clk 0:32:13]} 27. Bf6+
{[%clk 0:15:16]} Ke6 {[%clk 0:29:48]} 28. Bc3 {[%clk 0:13:33]} Ke7
{[%clk 0:29:18]} 29. Qf6+ {[%clk 0:13:32]} Ke8 {[%clk 0:27:22]} 30. Qh8+
{[%clk 0:12:57]} Ke7 {[%clk 0:27:45]} 31. Qf6+ {[%clk 0:13:19]} Ke8
{[%clk 0:28:08]} 32. Qf3 {[%clk 0:07:35]} c4 {[%clk 0:26:54]} 33. Qe2
{[%clk 0:04:26]} Qe6 {[%clk 0:26:42]} 34. b4 {[%clk 0:03:15]} a6 {[%clk 0:24:51]}
35. Qf3 {[%clk 0:03:13]} Rd8 {[%clk 0:23:50]} 36. a4 {[%clk 0:02:27]} f5
{[%clk 0:23:42]} 37. Bc2 {[%clk 0:01:54]} Rd5 {[%clk 0:22:23]} 38. b5
{[%clk 0:01:18]} axb5 {[%clk 0:22:38]} 39. axb5 {[%clk 0:01:47]} Rxb5
{[%clk 0:22:07]} 40. Ba4 {[%clk 0:01:54]} 1-0

[Event "PMPJ 2022 - C15"]
[Site "Jastrzebia Gora"]
[Date "2022.11.12"]
[Round "4.19"]
[White "Duda, Leon"]
[Black "Nawrocki, Michal"]
[Result "1/2-1/2"]
[BlackElo "1432"]
[WhiteElo "1621"]
[LiveChessVersion "1.4.4"]

1. e4 {[%clk 1:30:57]} c5 {[%clk 1:30:56]} 2. Nf3 {[%clk 1:31:19]} d6
{[%clk 1:31:17]} 3. d4 {[%clk 1:31:30]} cxd4 {[%clk 1:31:41]} 4. Nxd4
{[%clk 1:31:56]} Nf6 {[%clk 1:32:03]} 5. Nc3 {[%clk 1:32:20]} a6 {[%clk 1:32:28]}
6. Be2 {[%clk 1:27:59]} e5 {[%clk 1:32:45]} 7. Nb3 {[%clk 1:28:12]} Be7
{[%clk 1:33:11]} 8. O-O {[%clk 1:28:12]} O-O {[%clk 1:33:36]} 9. Bg5
{[%clk 1:28:06]} Nbd7 {[%clk 1:30:27]} 10. f4 {[%clk 1:16:58]} b5
{[%clk 1:30:25]} 11. Qe1 {[%clk 1:00:38]} h6 {[%clk 1:25:40]} 12. Bxf6
{[%clk 0:58:46]} Nxf6 {[%clk 1:24:53]} 13. Qg3 {[%clk 0:56:21]} b4
{[%clk 1:19:38]} 14. Nd5 {[%clk 0:48:45]} Nxd5 {[%clk 1:18:25]} 15. exd5
{[%clk 0:49:08]} exf4 {[%clk 1:18:46]} 16. Qxf4 {[%clk 0:40:11]} a5
{[%clk 1:15:49]} 17. Rad1 {[%clk 0:24:46]} Bg5 {[%clk 1:14:16]} 18. Qg3
{[%clk 0:22:49]} Re8 {[%clk 1:04:39]} 19. Bd3 {[%clk 0:14:33]} a4
{[%clk 1:02:08]} 20. Nd2 {[%clk 0:13:34]} Bb7 {[%clk 0:56:37]} 21. Qf3
{[%clk 0:11:59]} Qb6+ {[%clk 0:53:18]} 22. Kh1 {[%clk 0:12:27]} Re7
{[%clk 0:52:47]} 23. h4 {[%clk 0:02:25]} Bxd2 {[%clk 0:51:16]} 24. Rxd2
{[%clk 0:02:54]} Qe3 {[%clk 0:51:29]} 25. Qxe3 {[%clk 0:00:56]} Rxe3
{[%clk 0:51:51]} 26. Rf4 {[%clk 0:00:54]} Bxd5 {[%clk 0:50:18]} 27. Bh7+
{[%clk 0:00:55]} Kxh7 {[%clk 0:50:30]} 28. Rxd5 {[%clk 0:01:22]} Rc8
{[%clk 0:49:16]} 29. Rxb4 {[%clk 0:00:46]} Rxc2 {[%clk 0:49:38]} 30. Rxa4
{[%clk 0:00:49]} Rxb2 {[%clk 0:49:55]} 31. Rxd6 {[%clk 0:00:55]} Ree2
{[%clk 0:50:09]} 32. Rg4 {[%clk 0:01:00]} Rxa2 {[%clk 0:50:17]} 33. Rd7
{[%clk 0:01:00]} Rf2 {[%clk 0:48:36]} 34. Rb7 {[%clk 0:00:48]} h5
{[%clk 0:46:52]} 35. Rc4 {[%clk 0:00:38]} Rxg2 {[%clk 0:46:30]} 36. Rxf7
{[%clk 0:01:00]} Rh2+ {[%clk 0:46:31]} 37. Kg1 {[%clk 0:01:25]} Rag2+
{[%clk 0:46:35]} 38. Kf1 {[%clk 0:01:48]} Rg4 {[%clk 0:46:20]} 39. Rxg4
{[%clk 0:01:28]} hxg4 {[%clk 0:46:22]} 40. Rf5 {[%clk 0:01:42]} Kh6
{[%clk 0:44:00]} 41. Kg1 {[%clk 0:01:28]} Rxh4 {[%clk 0:43:41]} 42. Kg2
{[%clk 0:01:52]} Rh3 {[%clk 0:42:30]} 43. Ra5 {[%clk 0:01:48]} Rb3
{[%clk 0:41:02]} 44. Rc5 {[%clk 0:01:52]} g6 {[%clk 0:41:04]} 45. Ra5
{[%clk 0:01:50]} Rf3 {[%clk 0:41:26]} 46. Rb5 {[%clk 0:00:38]} Rf5
{[%clk 0:41:45]} 47. Rb3 {[%clk 0:00:49]} Kh5 {[%clk 0:41:43]} 48. Rb8
{[%clk 0:00:50]} Rf3 {[%clk 0:41:48]} 49. Rb5+ {[%clk 0:01:07]} Kh4
{[%clk 0:41:54]} 50. Rb6 {[%clk 0:01:03]} Kg5 {[%clk 0:41:09]} 51. Rb5+
{[%clk 0:01:20]} Kf4 {[%clk 0:41:20]} 52. Rb4+ {[%clk 0:01:42]} Rf2+ 1/2-1/2

[Event "PMPJ 2022 - C15"]
[Site "Jastrzebia Gora"]
[Date "2022.11.12"]
[Round "4.20"]
[White "Wilgosz, Szczepan"]
[Black "Klys, Kacper"]
[Result "1/2-1/2"]
[BlackElo "1406"]
[WhiteElo "1618"]
[LiveChessVersion "1.4.4"]

1. e4 {[%clk 1:30:57]} d6 {[%clk 1:30:59]} 2. d4 {[%clk 1:31:04]} Nf6
{[%clk 1:31:29]} 3. Nc3 {[%clk 1:31:16]} c6 {[%clk 1:31:58]} 4. f4
{[%clk 1:29:04]} Qa5 {[%clk 1:32:27]} 5. Bd3 {[%clk 1:28:25]} e5 {[%clk 1:32:52]}
6. Nf3 {[%clk 1:06:58]} Bg4 {[%clk 1:33:13]} 7. fxe5 {[%clk 1:04:47]} dxe5
{[%clk 1:33:33]} 8. dxe5 {[%clk 1:04:49]} Nfd7 {[%clk 1:33:59]} 9. Bf4
{[%clk 0:58:19]} Bxf3 {[%clk 1:34:05]} 10. Qxf3 {[%clk 0:58:12]} Bb4
{[%clk 1:33:36]} 11. O-O {[%clk 0:33:29]} O-O {[%clk 1:32:01]} 12. Ne2
{[%clk 0:32:30]} Nxe5 {[%clk 1:30:16]} 13. Qg3 {[%clk 0:28:26]} Nbd7
{[%clk 1:28:10]} 14. c3 {[%clk 0:26:37]} Be7 {[%clk 1:17:50]} 15. Nd4
{[%clk 0:25:06]} Ng6 {[%clk 1:10:32]} 16. Nf5 {[%clk 0:18:27]} Bf6
{[%clk 1:06:44]} 17. Bc7 {[%clk 0:10:33]} Qc5+ {[%clk 1:02:56]} 18. Kh1
{[%clk 0:10:36]} Be5 {[%clk 1:03:09]} 19. Bxe5 {[%clk 0:10:21]} Qxe5
{[%clk 1:02:56]} 20. Qf3 {[%clk 0:09:03]} Qc7 {[%clk 1:01:26]} 21. h4
{[%clk 0:06:46]} Nf6 {[%clk 0:54:14]} 22. Rad1 {[%clk 0:03:38]} h5
{[%clk 0:52:48]} 23. Be2 {[%clk 0:01:35]} Ng4 {[%clk 0:52:38]} 24. g3
{[%clk 0:01:27]} Rfe8 {[%clk 0:37:35]} 25. Nd6 {[%clk 0:00:55]} Re7
{[%clk 0:37:07]} 26. Bc4 {[%clk 0:00:42]} N6e5 27. Qf4 {[%clk 0:00:45]} Nxc4
{[%clk 0:36:20]} 28. Nxc4 {[%clk 0:01:11]} Qxf4 {[%clk 0:36:40]} 29. Rxf4
{[%clk 0:01:30]} Rxe4 {[%clk 0:35:07]} 30. Rxe4 {[%clk 0:01:53]} Nf2+
{[%clk 0:35:36]} 31. Kg2 {[%clk 0:02:13]} Nxe4 {[%clk 0:36:05]} 32. Rd7
{[%clk 0:01:07]} Nc5 {[%clk 0:36:33]} 33. Rc7 {[%clk 0:00:46]} Rb8 34. Nd6
1/2-1/2

[Event "PMPJ 2022 - C15"]
[Site "Jastrzebia Gora"]
[Date "2022.11.12"]
[Round "4.21"]
[White "Wandor, Adam"]
[Black "Mazurek, Filip"]
[Result "1-0"]
[BlackElo "1269"]
[WhiteElo "1585"]
[LiveChessVersion "1.4.4"]

1. e4 {[%clk 1:30:57]} c5 {[%clk 1:30:54]} 2. Nf3 {[%clk 1:31:22]} Nc6
{[%clk 1:31:17]} 3. d4 {[%clk 1:31:47]} cxd4 {[%clk 1:31:38]} 4. Nxd4
{[%clk 1:32:11]} Nf6 {[%clk 1:32:02]} 5. Nc3 {[%clk 1:32:34]} d6 {[%clk 1:32:26]}
6. Be2 {[%clk 1:32:50]} g6 {[%clk 1:32:50]} 7. Be3 {[%clk 1:33:07]} Bg7
{[%clk 1:33:11]} 8. Qd2 {[%clk 1:32:38]} O-O {[%clk 1:33:28]} 9. O-O-O
{[%clk 1:31:45]} Ng4 {[%clk 1:33:43]} 10. Bxg4 {[%clk 1:31:41]} Bxg4
{[%clk 1:34:02]} 11. f3 {[%clk 1:32:03]} Bd7 {[%clk 1:34:28]} 12. h4
{[%clk 1:31:04]} h5 {[%clk 1:23:32]} 13. Rdg1 {[%clk 1:22:20]} Ne5
{[%clk 1:22:18]} 14. b3 {[%clk 1:18:55]} Rc8 {[%clk 1:20:38]} 15. Kb2
{[%clk 1:14:50]} Qb6 {[%clk 0:57:36]} 16. Kc1 {[%clk 0:54:56]} Qa5
{[%clk 0:51:37]} 17. Nd5 {[%clk 0:54:53]} Qxa2 {[%clk 0:49:28]} 18. Nxe7+
{[%clk 0:55:07]} Kh7 {[%clk 0:49:43]} 19. Kd1 {[%clk 0:52:12]} Rce8
{[%clk 0:47:23]} 20. Nd5 {[%clk 0:50:16]} Bc6 {[%clk 0:43:49]} 21. Nb4
{[%clk 0:44:03]} Qa3 {[%clk 0:43:27]} 22. Ke2 {[%clk 0:41:55]} a5
{[%clk 0:42:26]} 23. Nbxc6 {[%clk 0:40:33]} Nxc6 {[%clk 0:42:35]} 24. Ra1
{[%clk 0:30:46]} Qb4 {[%clk 0:42:28]} 25. c3 {[%clk 0:24:13]} Nxd4+
{[%clk 0:41:23]} 26. Bxd4 {[%clk 0:20:31]} Qb5+ {[%clk 0:38:41]} 27. Kf2
{[%clk 0:19:54]} Bxd4+ {[%clk 0:38:17]} 28. cxd4 {[%clk 0:19:44]} b6
{[%clk 0:37:50]} 29. Rhc1 {[%clk 0:17:33]} Rc8 {[%clk 0:37:52]} 30. Rc3
{[%clk 0:11:43]} Qd7 {[%clk 0:37:04]} 31. Rac1 {[%clk 0:07:08]} Rxc3
{[%clk 0:37:24]} 32. Qxc3 {[%clk 0:06:06]} Qe7 33. g3 {[%clk 0:05:31]} Qe6
{[%clk 0:35:22]} 34. Kg2 {[%clk 0:04:37]} b5 {[%clk 0:33:31]} 35. d5
{[%clk 0:03:28]} Qd7 {[%clk 0:32:20]} 36. Qxa5 {[%clk 0:03:08]} Rc8
{[%clk 0:32:23]} 37. Rxc8 {[%clk 0:02:17]} Qxc8 {[%clk 0:32:43]} 38. Qxb5
{[%clk 0:01:32]} Qc2+ {[%clk 0:33:04]} 39. Kg1 {[%clk 0:01:06]} Qd1+
{[%clk 0:32:44]} 40. Kf2 {[%clk 0:00:58]} Qd2+ {[%clk 0:32:35]} 41. Qe2
{[%clk 0:01:01]} Qd4+ {[%clk 0:32:38]} 42. Kg2 {[%clk 0:01:19]} Qc3
{[%clk 0:32:18]} 43. Qa2 {[%clk 0:00:56]} Kg7 {[%clk 0:31:37]} 44. Kf2
{[%clk 0:01:02]} Qd4+ {[%clk 0:30:21]} 45. Ke2 {[%clk 0:00:40]} Kh7
{[%clk 0:30:04]} 46. Qb1 {[%clk 0:00:45]} Qb4 {[%clk 0:29:51]} 47. Qb2 Qb5+
{[%clk 0:29:44]} 48. Ke3 {[%clk 0:00:35]} Qc5+ {[%clk 0:29:33]} 49. Kf4
{[%clk 0:00:49]} Qb4 {[%clk 0:27:58]} 50. Kg5 {[%clk 0:00:41]} Qe1
{[%clk 0:27:17]} 51. Kf6 {[%clk 0:00:34]} Kg8 {[%clk 0:25:05]} 52. Qc2
{[%clk 0:00:35]} Qa1+ {[%clk 0:24:26]} 53. Ke7 {[%clk 0:00:52]} Qe5+
{[%clk 0:24:26]} 54. Kd7 {[%clk 0:01:08]} Qxg3 {[%clk 0:24:12]} 55. Qc8+
{[%clk 0:00:58]} Kg7 {[%clk 0:24:06]} 56. Qc3+ {[%clk 0:01:04]} Kh7
{[%clk 0:24:27]} 57. Qf6 {[%clk 0:00:57]} g5 {[%clk 0:22:20]} 58. Qxf7+
{[%clk 0:00:49]} Kh8 {[%clk 0:22:31]} 59. Qxh5+ {[%clk 0:01:03]} 1-0

[Event "PMPJ 2022 - C15"]
[Site "Jastrzebia Gora"]
[Date "2022.11.12"]
[Round "4.22"]
[White "Nowak, Maciej"]
[Black "Leszczewicz, Karol"]
[Result "1/2-1/2"]
[BlackElo "1554"]
[WhiteElo "1389"]
[LiveChessVersion "1.4.4"]

1. d4 Nf6 2. c4 c5 3. d5 b5 4. cxb5 a6 5. b6 e6 6. Nc3 Nxd5 7. Nxd5 exd5 8. Qxd5
Nc6 9. Nf3 Rb8 10. e4 Be7 11. Bc4 O-O 12. Bd2 Rxb6 13. Bc3 d6 14. Qd2 Bf6 15. O-O
Bxc3 16. Qxc3 Bg4 17. Nd2 Nd4 18. f3 Be6 19. Rfe1 Qf6 20. e5 dxe5 21. Ne4 Qe7 22.
Bxe6 Rxe6 23. Qxc5 Qxc5 24. Nxc5 Rg6 25. Rf1 Rc8 26. b4 Ne6 27. Nxe6 Rxe6 28.
Rac1 Rec6 29. Rxc6 Rxc6 30. Rd1 Kf8 31. Rd2 Ke7 32. Kf2 Rc4 33. Rb2 Kd7 34. Ke3
Kc6 35. a4 f5 36. g3 Rc3+ 37. Kf2 Rc4 38. Ke3 Rc3+ 39. Kf2 Rc4 40. Ke3 Rc3+
1/2-1/2

[Event "PMPJ 2022 - C15"]
[Site "Jastrzebia Gora"]
[Date "2022.11.12"]
[Round "4.23"]
[White "Pozoga, Adam"]
[Black "Skrzypczak, Jan"]
[Result "1-0"]
[BlackElo "1536"]
[WhiteElo "1229"]
[LiveChessVersion "1.4.4"]

1. c4 {[%clk 1:30:57]} e6 {[%clk 1:30:56]} 2. d4 {[%clk 1:29:45]} d5
{[%clk 1:31:21]} 3. Nc3 {[%clk 1:25:27]} Be7 {[%clk 1:31:46]} 4. Bf4
{[%clk 1:24:58]} Nf6 {[%clk 1:31:46]} 5. e3 {[%clk 1:24:24]} Nbd7
{[%clk 1:30:58]} 6. Rc1 {[%clk 1:05:39]} c6 {[%clk 1:24:53]} 7. Nf3
{[%clk 1:03:27]} O-O {[%clk 1:17:30]} 8. h3 {[%clk 1:02:44]} dxc4
{[%clk 1:04:46]} 9. Bxc4 {[%clk 1:01:58]} Nb6 {[%clk 1:04:02]} 10. Bd3
{[%clk 1:00:16]} Nbd5 {[%clk 0:55:29]} 11. Bh2 {[%clk 0:56:50]} h6
{[%clk 0:52:37]} 12. O-O {[%clk 0:55:02]} Qa5 {[%clk 0:48:18]} 13. Bb1
{[%clk 0:38:07]} Nxc3 {[%clk 0:36:46]} 14. bxc3 {[%clk 0:37:46]} Ba3
{[%clk 0:37:05]} 15. Rc2 {[%clk 0:37:57]} Ne4 {[%clk 0:35:44]} 16. Qd3
{[%clk 0:35:09]} f5 {[%clk 0:35:11]} 17. Nd2 {[%clk 0:32:03]} Nxd2
{[%clk 0:32:37]} 18. Rxd2 {[%clk 0:31:26]} b6 {[%clk 0:30:26]} 19. Qc4
{[%clk 0:23:33]} Qb5 {[%clk 0:25:19]} 20. Qxb5 {[%clk 0:20:36]} cxb5
{[%clk 0:25:48]} 21. Bd3 {[%clk 0:20:22]} Bd7 {[%clk 0:22:19]} 22. Rb1
{[%clk 0:18:52]} Rac8 {[%clk 0:21:24]} 23. Rb3 {[%clk 0:17:15]} Be7
{[%clk 0:19:17]} 24. Kf1 {[%clk 0:16:29]} Kf7 {[%clk 0:18:09]} 25. Rc2
{[%clk 0:16:17]} g5 {[%clk 0:13:15]} 26. Bxb5 {[%clk 0:14:17]} Bxb5+
{[%clk 0:13:32]} 27. Rxb5 {[%clk 0:14:42]} Rc4 {[%clk 0:13:23]} 28. Ke2
{[%clk 0:14:06]} Rfc8 {[%clk 0:13:32]} 29. Kd3 {[%clk 0:13:58]} Ke8
{[%clk 0:12:10]} 30. Be5 {[%clk 0:12:49]} Kd7 {[%clk 0:11:31]} 31. g4
{[%clk 0:12:14]} R8c6 {[%clk 0:10:03]} 32. Bg7 {[%clk 0:10:54]} a6
{[%clk 0:09:58]} 33. Rxb6 {[%clk 0:09:02]} Rxc3+ {[%clk 0:09:56]} 34. Rxc3
{[%clk 0:09:26]} Rxb6 {[%clk 0:10:22]} 35. Rb3 {[%clk 0:08:39]} Rxb3+
{[%clk 0:09:49]} 36. axb3 {[%clk 0:09:01]} fxg4 {[%clk 0:10:13]} 37. hxg4
{[%clk 0:09:19]} Kd6 {[%clk 0:09:35]} 38. Bxh6 {[%clk 0:08:52]} e5
{[%clk 0:09:53]} 39. dxe5+ {[%clk 0:07:20]} Kxe5 {[%clk 0:10:20]} 40. f4+
{[%clk 0:07:39]} gxf4 {[%clk 0:10:42]} 41. exf4+ {[%clk 0:08:04]} Kd5
{[%clk 0:10:57]} 42. g5 {[%clk 0:07:22]} Ke6 {[%clk 0:11:15]} 43. Ke4
{[%clk 0:07:39]} a5 {[%clk 0:11:13]} 44. f5+ {[%clk 0:07:44]} Kf7
{[%clk 0:11:17]} 45. Ke5 {[%clk 0:07:50]} Bb4 {[%clk 0:11:22]} 46. g6+
{[%clk 0:08:03]} Kg8 {[%clk 0:11:36]} 47. Ke6 {[%clk 0:08:11]} a4
{[%clk 0:11:58]} 48. bxa4 {[%clk 0:08:05]} Bc3 {[%clk 0:12:00]} 49. f6
{[%clk 0:08:09]} Kh8 {[%clk 0:12:02]} 50. g7+ {[%clk 0:08:20]} Kh7
{[%clk 0:12:17]} 51. Kf7 {[%clk 0:08:37]} Kxh6 {[%clk 0:11:53]} 52. g8=Q
{[%clk 0:09:00]} Bxf6 {[%clk 0:12:21]} 53. Qg6# {[%clk 0:09:23]} 1-0